000 00324nam a22001337a 4500
020 _a978-93-89770-34-6
082 _a894.812
_bKOK/F
100 _aFATHER Dr. WILSON KOKATU
245 _a5 MINUTE PRASANGANGAL
260 _aTHRICHUR
_bH & C PUBLISHING
_c2021
300 _a132
650 _aSHORT SPEECHES
_zKERALA
942 _cBK
999 _c1037
_d1037